Analýza predpätia lán pomocou vlastných frekvencií

Guardado en:
Detalles Bibliográficos
Autor principal: Pogányová, Júlia (Autor)
Otros Autores: Chmelko, Vladimír (Orientador)
Formato: Manuscrito Libro
Lenguaje:eslovaco
Publicado: 2023
Materias:
Acceso en línea:http://is.stuba.sk/zp/portal_zp.pl?podrobnosti=171023
Etiquetas: Agregar Etiqueta
Sin Etiquetas, Sea el primero en etiquetar este registro!

MARC

LEADER 00000ntm a22000003a 4500
001 stuzp94769
003 SK-STU
005 20230909223123.8
007 ta
008 150427s2015----xo-----f-mn---000-0-slo-d
040 |a STU  |b slo 
041 0 |a slo 
100 1 |a Pogányová, Júlia  |u 020010  |4 aut  |U SjF Strojnícka fakulta  |T SjF Ústav aplikovanej mechaniky a mechatroniky  |X 98643  |U J0010  |Y 801  |7 98643 
242 0 1 |a Cable tension analysis using natural frequencies  |y eng 
245 1 0 |a Analýza predpätia lán pomocou vlastných frekvencií 
260 |c 2023 
650 4 |a vlastné frekvencie  |2 slo 
650 4 |a predpätie  |2 slo 
650 4 |a laná  |2 slo 
650 4 |a vibračná metóda  |2 slo 
650 4 |a tension  |2 eng 
650 4 |a cables  |2 eng 
650 4 |a natural frequencies  |2 eng 
650 4 |a vibration method  |2 eng 
700 1 |a Chmelko, Vladimír  |u 020010  |k Z1  |4 ths  |U SjF Strojnícka fakulta  |T SjF Ústav aplikovanej mechaniky a mechatroniky  |X 2396  |U J0010  |Y 801  |7 A000002396 
856 4 |u http://is.stuba.sk/zp/portal_zp.pl?podrobnosti=171023